000 00190 a2200097 4500
020 _a9780965738729
041 _aeng
100 _aLee Rankin, Jane
245 _aCookin' up a stotm
942 _cBK
999 _c7995
_d7995